00370pab a2200133 454500008004000000100002000040245007400060260000900134300001300143362000800156650002800164650002000192773002400212180718b2002 xxu||||| |||| 00| 0 eng d aKawadia, Ganesh aTrends and direction of India's growth process (1980-81 to 1999-2000) c2002 ap.28-36. aMar aEconomic growth - India aEconomic growth aMan and Development